Preparación de la caña : manual del trabajador etapa extensiva e intensiva / (Record no. 174479)
[ view plain ]
| 000 -CABECERA | |
|---|---|
| campo de control de longitud fija | 00829nam a2200241Ia 4500 |
| 001 - NÚMERO DE CONTROL | |
| campo de control | dia_3872 |
| 003 - IDENTIFICADOR DEL NÚMERO DE CONTROL | |
| campo de control | CHAP |
| 005 - FECHA Y HORA DE LA ÚLTIMA TRANSACCIÓN | |
| campo de control | 20251029153821.0 |
| 008 - DATOS DE LONGITUD FIJA--INFORMACIÓN GENERAL | |
| campo de control de longitud fija | 220117s1999 xx 000 0 und d |
| 010 ## - NÚMERO DE CONTROL DE LA BIBLIOTECA DEL CONGRESO | |
| Número de control de LC | 174479 |
| 040 ## - FUENTE DE LA CATALOGACIÓN | |
| Centro/agencia transcriptor | CHAP |
| Centro catalogador/agencia de origen | mxchpua |
| 090 ## - LOCALMENTE ASIGNADO TIPO-LC NÚMERO DE CLASIFICACIÓN (OCLC); NÚMERO DE CLASIFICACIÓN LOCAL (RLIN) | |
| Número de clasificación (OCLC) (R) ; Numero de clasificación, CALL (RLIN) (NR) | FOLLETO 2608 |
| 100 1# - ENTRADA PRINCIPAL--NOMBRE DE PERSONA | |
| Nombre de persona | García Chávez, Luis Ramiro |
| 9 (RLIN) | 45860 |
| 245 ## - MENCIÓN DE TÍTULO | |
| Título | Preparación de la caña : manual del trabajador etapa extensiva e intensiva / |
| Mención de responsabilidad, etc. | Luis Ramiro García Chávez |
| 300 ## - DESCRIPCIÓN FÍSICA | |
| Extensión | 45 p. |
| 500 ## - NOTA GENERAL | |
| Nota general | D. \ (Colección Conocer) \La biblioteca tiene etapa intensiva a y b |
| 650 ## - PUNTO DE ACCESO ADICIONAL DE MATERIA--TÉRMINO DE MATERIA | |
| Término de materia o nombre geográfico como elemento de entrada | Caña de azúcar |
| 9 (RLIN) | 18571 |
| 942 ## - ELEMENTOS DE PUNTO DE ACCESO ADICIONAL (KOHA) | |
| Tipo de ítem Koha | Folleto |
| Fuente del sistema de clasificación o colocación | local |
| 260 ## - PUBLICACIÓN, DISTRIBUCIÓN, ETC. | |
| Lugar de publicación, distribución, etc. | México : |
| Nombre del editor, distribuidor, etc. | Consejo de Normalización de Competencia Laboral (Conocer), |
| Fecha de publicación, distribución, etc. | 1999 |
| 901 ## - ELEMENTOS DE DATOS A LOCAL LDA (RLIN) | |
| a | FOLLETO 2608 |
| 902 ## - ELEMENTOS DE DATOS B LOCAL, LDB (RLIN) | |
| a | M |
| 905 ## - ELEMENTOS DE DATOS E LOCAL, LDE (RLIN) | |
| a | 0000001999 mx 0000000000spa00 |
| Estado de retiro | Estado de pérdida | Fuente del sistema de clasificación o colocación | Estado dañado | Restricciones de uso | No para préstamo | Código de colección | Localización permanente | Ubicación/localización actual | Fecha de adquisición | Total de préstamos | Signatura topográfica completa | Código de barras | Fecha visto por última vez | Número de copia | Precio válido a partir de | Tipo de ítem Koha |
|---|---|---|---|---|---|---|---|---|---|---|---|---|---|---|---|---|
| Clasificación Universidad Autónoma de Chapingo | Préstamo interno | Folletos | Ingenieria Agroindustrial | Ingenieria Agroindustrial | 18/01/2022 | FOLLETO 2608 | dia_FOLLETO 2608 | 18/01/2022 | 1 | 18/01/2022 | Folleto |
